Chemical process equipment (Record no. 1667)

000 -LEADER
fixed length control field 00663nam a2200241 a 4500
001 - CONTROL NUMBER
control field 1667
003 - CONTROL NUMBER IDENTIFIER
control field BD-DhUET
008 - FIXED-LENGTH DATA ELEMENTS--GENERAL INFORMATION
fixed length control field 041104s2005 ne a b 001 0 eng
020 ## - INTERNATIONAL STANDARD BOOK NUMBER
International Standard Book Number 9780750675109
040 ## - CATALOGING SOURCE
Original cataloging agency DLC
Transcribing agency DLC
Modifying agency BD-DhUET
082 00 - DEWEY DECIMAL CLASSIFICATION NUMBER
Classification number 660.28
Item number COU/2005
100 ## - MAIN ENTRY--PERSONAL NAME
Personal name Couper, James R.
245 00 - TITLE STATEMENT
Title Chemical process equipment
Remainder of title selection and design
250 ## - EDITION STATEMENT
Edition statement 2nd ed.
260 ## - PUBLICATION, DISTRIBUTION, ETC. (IMPRINT)
Place of publication, distribution, etc. Amsterdam
Name of publisher, distributor, etc. Elsevier
Date of publication, distribution, etc. 2005
300 ## - PHYSICAL DESCRIPTION
Extent xvii, 814 p.
Other physical details ill.
Dimensions 29 cm.
504 ## - BIBLIOGRAPHY, ETC. NOTE
Bibliography, etc Includes bibliographies
650 #0 - SUBJECT ADDED ENTRY--TOPICAL TERM
Topical term or geographic name as entry element Chemical process-Equipment and supplies
700 ## - ADDED ENTRY--PERSONAL NAME
Personal name Pennsy W. Roy
700 ## - ADDED ENTRY--PERSONAL NAME
Personal name Fair, James R.
700 ## - ADDED ENTRY--PERSONAL NAME
Personal name Walas, Stanley M.
942 ## - ADDED ENTRY ELEMENTS (KOHA)
Koha item type General Book
Holdings
Sublocation or collection (holding branch) Koha item type Koha date last borrowed Copy number Koha date last seen Koha full call number Source of classification or shelving scheme Location (home branch) Koha issues (times borrowed) Lost status Price effective from Not for loan Piece designation (barcode) Date acquired Shelving location Koha normalized classification for sorting Withdrawn status Damaged status
Central Library, BUETGeneral Book2019-01-2912019-02-11660.28/COU/2005 Central Library, BUET1 2014-09-10 1044792014-09-10Circulation section660_000000000000000_28COU2005  
Central Library, BUETGeneral Book 22014-09-10660.28/COU/2005 Central Library, BUET  2014-09-10 1044802014-09-10Circulation section660_000000000000000_28COU2005